| 000 | 00802cab a2200229 4500 | ||
|---|---|---|---|
| 001 | WB3402-03 | ||
| 008 | 090401t1998 xxu||||| |||| 00| 0 eng d | ||
| 035 | _a(Sirsi) u83095 | ||
| 041 | _aeng | ||
| 245 | _aMundic problem | ||
| 260 | _c1998 | ||
| 350 | _a0 | ||
| 490 |
_aWestern Morning News _v10 January 1998, 21(1) |
||
| 520 | _aHomebuyers should be cautious when buying a property in Cornwall, because of the problem of `mundic`, a mineral which causes crumbling walls. The market value of a property could be halved, if this is detected, according to expert Charles Stimson, chartered surveyor. | ||
| 650 | _aCORNWALL | ||
| 650 | _aMARKET VALUES | ||
| 650 | _aMUNDIC CONCRETE | ||
| 650 | _aRICS | ||
| 690 | _aBUILT ENVIRONMENT-BUILDING PATHOLOGY | ||
| 942 | _n0 | ||
| 948 | _c14/01/1998 | ||
| 999 |
_c52488 _d52488 |
||